LEADER 01014nam0-22003491i-450- 001 990001506260403321 005 20080404102632.0 010 $a0-521-80804-9 035 $a000150626 035 $aFED01000150626 035 $a(Aleph)000150626FED01 035 $a000150626 100 $a20030614d2003----km-y0itay50------ba 101 1 $aeng 102 $aGB 105 $aa---a---001yy 200 1 $aAbelian varieties theta functions and the fourier trasform$fA. Polishchuk 210 $aCambridge$cCambridge University Press$dc2003 215 $axvi, 292 p.$dcm24 225 1 $aCambridge tracts in mathematics$v153 300 $aVarietà abeliane 610 0 $aFunzioni theta 676 $a516.3$v21 700 1$aPolishchuk,$bAlexander$067582 801 0$aIT$bUNINA$gRICA$2UNIMARC 901 $aBK 912 $a990001506260403321 952 $aC-34-(153$b19894$fMA1 959 $aMA1 962 $a14K99 996 $aAbelian varieties theta functions and the fourier trasform$9376843 997 $aUNINA